| 000 | 00877nam a22002297a 4500 | ||
|---|---|---|---|
| 003 | BUBTL | ||
| 008 | 220112b ||||| |||| 00| 0 eng d | ||
| 020 | _a9789842002984 | ||
| 082 | _a954.92/ H7949b/ 2008 | ||
| 100 |
_94483 _aহোসেন, আমির |
||
| 245 |
_aবঙ্গবন্ধু ও মুক্তিযুদ্ধ : _bসমকালীন সাংবাদিকের দৃষ্টিতে / _cআমির হোসেন |
||
| 250 | _a 1st Edn. | ||
| 260 |
_aDhaka : _bAdorn Books, _cc2008 |
||
| 300 |
_a295 p. : _c22 cm. |
||
| 500 | _aIncludes Index | ||
| 505 | _aবঙ্গবন্ধু, মুক্তিযুদ্ধ, আমির হোসেন | ||
| 650 | 0 |
_93574 _aবঙ্গবন্ধু |
|
| 650 | 0 |
_94372 _aBangabandhu |
|
| 856 |
_k0 _l0 _yDownload |
||
| 942 |
_2ddc _cBK |
||
| 999 |
_c6632 _d6632 |
||